Таблицы синусов, тангенсов, и секансов, и логарифма синусов и тангенсов: (Запись № 9717372)

Подробности
000 -МАРКЕР
контрольное поле 04166nam0a22006371 4500
001 - ИДЕНТИФИКАТОР ЗАПИСИ
контрольное поле RU\NLR\A1\PETRI\501
005 - ИДЕНТИФИКАТОР ВЕРСИИ
контрольное поле 20260406094634.0
035 ## - ДРУГИЕ СИСТЕМНЫЕ НОМЕРА
Идентификатор записи (NLR Aleph) 009685508
100 ## - ДАННЫЕ ОБЩЕЙ ОБРАБОТКИ
Данные общей обработки 20000515d1716 u y0rusy50 ca
101 1# - ЯЗЫК РЕСУРСА
Язык текста, звукозаписи и т.д. русский
Язык оригинала латинский
102 ## - СТРАНА ПУБЛИКАЦИИ ИЛИ ПРОИЗВОДСТВА
Страна публикации Российская Федерация
135 ## - ПОЛЕ КОДИРОВАННЫХ ДАННЫХ: ЭЛЕКТРОННЫЕ РЕСУРСЫ
Кодированные данные для электронного ресурса crcn 024anaba
200 1# - ЗАГЛАВИЕ И СВЕДЕНИЯ ОБ ОТВЕТСТВЕННОСТИ
Основное заглавие Таблицы синусов, тангенсов, и секансов, и логарифма синусов и тангенсов:
Сведения, относящиеся к заглавию Таже и числ, еже есть от единаго даже до 10000,
-- Со изъяснением удобнеишим: оных довольством возможно разрешити вся треугольники прямолинийныя, и сферическия и множайшая вопрошения астрономическая.
Первые сведения об ответственности Заповелением пресветлеишаго царскаго величества воупотребление изнание мафематиконавигацким ученикам: которыя содержатся подъкомандою генерала, адмирала, кавалера, губернатора, тайнаго советника и президента Адмиралтейства: графа Феодора Матвеевича Апраксина.
205 ## - СВЕДЕНИЯ ОБ ИЗДАНИИ
Сведения об издании Тиснению преданы в Москве вторым типом, первееже ныне вогражданской типографии:
Сведения об ответственности, относящиеся к изданию Под над зрением господина генерала фельцеих меистера и кавалера Якова Вилимовича Брюса.
Последующие сведения об ответственности, относящиеся к изданию Тщанием и заосвидетелством мафематиконавигацких школ учителей Андрея Фархварсона, Стефана Гвына, и Леоньтья Магницкаго.
-- От библиотекаря В:Киприанова
210 ## - ПУБЛИКАЦИЯ, РАСПРОСТРАНЕНИЕ И ДР.
Место издания, распространения и т.д. [М.
Имя издателя, распространителя и т. д. Тип. В.Киприанова]
Дата издания, распространения и т.д. 1716
215 ## - ФИЗИЧЕСКАЯ ХАРАКТЕРИСТИКА
Специфическое обозначение материала и объем 141 л., 1 л. фронт.
305 ## - ПРИМЕЧАНИЯ О ДАТЕ ОСНОВАНИЯ ИЗДАНИЯ
Текст примечания Пер. кн.: Vlacq A. Tabulae sinuum, tangentium et secantium et logarithmi sinuum tangentium, et numerorum ab unitate ad 10.000... (1-е изд. - 1628)
305 ## - ПРИМЕЧАНИЯ О ДАТЕ ОСНОВАНИЯ ИЗДАНИЯ
Текст примечания 1-е изд. вышло в 1703 г.
307 ## - ПРИМЕЧАНИЯ, ОТНОСЯЩИЕСЯ К ФИЗИЧЕСКОМУ ОПИСАНИЮ
Текст примечания Размер набора 134 x 83 мм
316 ## - ПРИМЕЧАНИЯ ОБ ОСОБЕННОСТЯХ ЭКЗЕМПЛЯРА
Текст примечания Экз. РНБ деф.: отсутствует тит. л.
Организация и экземпляр, к которому относится поле П-220б
321 1# - ПРИМЕЧАНИЯ ОБ ОТДЕЛЬНО ИЗДАННЫХ УКАЗАТЕЛЯХ / РЕФЕРАТАХ / ССЫЛКАХ, ОТРАЖАЮЩИХ КАТАЛОГИЗИРУЕМЫЙ ДОКУМЕНТ
Примечания об указателях, рефератах, ссылках СК 1708-1725 220
325 ## - ПРИМЕЧАНИЕ О КОПИИ
Текст примечания Копия доступна в Электрон. б-ке РНБ
620 ## - МЕСТО И ДАТА ПУБЛИКАЦИИ, ИСПОЛНЕНИЯ И Т. Д.
Город Москва
700 #1 - ИМЯ ЛИЦА - ПЕРВИЧНАЯ ОТВЕТСТВЕННОСТЬ
Связь между полями z01
Начальный элемент ввода Влак
Часть имени, кроме начального элемента ввода А.
Даты ок.1600-1667
Расширение инициалов личного имени Адриан
Код отношения Автор
700 #1 - ИМЯ ЛИЦА - ПЕРВИЧНАЯ ОТВЕТСТВЕННОСТЬ
Связь между полями z01
Начальный элемент ввода Vlacq
Часть имени, кроме начального элемента ввода A.
Код отношения Автор
702 #1 - ИМЯ ЛИЦА - ВТОРИЧНАЯ ОТВЕТСТВЕННОСТЬ
Код отношения Редактор
Материалы, к которым относится поле rus
Графика поля Кириллица
Начальный элемент ввода Брюс
Часть имени, кроме начального элемента ввода Я. В.
Даты 1669-1735
Расширение инициалов личного имени Яков Вилимович
Идентификатор авторитетной/нормативной записи RU\NLR\AUTH\7769624
Системный номер авторитетной/нормативной записи 52552
702 #1 - ИМЯ ЛИЦА - ВТОРИЧНАЯ ОТВЕТСТВЕННОСТЬ
Связь между полями z02790
Начальный элемент ввода Фарварсон
Часть имени, кроме начального элемента ввода А.Д.
Даты 1675-1739
Расширение инициалов личного имени Андрей Данилович
Код отношения Переводчик
702 #1 - ИМЯ ЛИЦА - ВТОРИЧНАЯ ОТВЕТСТВЕННОСТЬ
Начальный элемент ввода Магницкий
Часть имени, кроме начального элемента ввода Л.Ф.
Даты 1669-1739
Расширение инициалов личного имени Леонтий Филиппович
Код отношения Переводчик
702 #1 - ИМЯ ЛИЦА - ВТОРИЧНАЯ ОТВЕТСТВЕННОСТЬ
Связь между полями z03790
Начальный элемент ввода Гвин
Часть имени, кроме начального элемента ввода С.
Расширение инициалов личного имени Стивен
Код отношения Переводчик
702 #1 - ИМЯ ЛИЦА - ВТОРИЧНАЯ ОТВЕТСТВЕННОСТЬ
Начальный элемент ввода Киприанов
Часть имени, кроме начального элемента ввода В.А.
Даты -1723
Расширение инициалов личного имени Василий Ануфриевич
Код отношения Печатник (типограф)
712 00 - НАИМЕНОВАНИЕ ОРГАНИЗАЦИИ - ВТОРИЧНАЯ ОТВЕТСТВЕННОСТЬ
Начальный элемент ввода Киприянов
Идентифицирующий признак Москва
Инверсированный элемент В.А.
Часть наименования, отличная от начального элемента ввода и от инверсированного элемента Типография
Код отношения Печатник (типограф)
790 #1 - ИМЯ ЛИЦА - АЛЬТЕРНАТИВНАЯ ФОРМА
Связь между полями z02702
Начальный элемент ввода Фархварсон
Часть имени, кроме начального элемента ввода А.
Расширение инициалов личного имени Андрей
790 #1 - ИМЯ ЛИЦА - АЛЬТЕРНАТИВНАЯ ФОРМА
Связь между полями z03702
Начальный элемент ввода Гвын
Часть имени, кроме начального элемента ввода С.
Расширение инициалов личного имени Стефан
801 #0 - ИСТОЧНИК ЗАПИСИ
Страна Российская Федерация
Организация NLR
Дата составления 20000515
852 ## - МЕСТОНАХОЖДЕНИЕ И ШИФР ХРАНЕНИЯ
Идентификатор организации NLR
Шифр хранения (Call Number) П-220
852 ## - МЕСТОНАХОЖДЕНИЕ И ШИФР ХРАНЕНИЯ
Идентификатор организации NLR
Шифр хранения (Call Number) П-220а
Публикуемое примечание Экз. деф.
852 ## - МЕСТОНАХОЖДЕНИЕ И ШИФР ХРАНЕНИЯ
Идентификатор организации NLR
Шифр хранения (Call Number) П-220б
856 #0 - МЕСТОНАХОЖДЕНИЕ ЭЛЕКТРОННЫХ РЕСУРОВ И ДОСТУП К НИМ
Универсальный идентификатор ресурса (Uniform Resource Identifier) http://vivaldi.nlr.ru/bx000016847/view
856 #1 - МЕСТОНАХОЖДЕНИЕ ЭЛЕКТРОННЫХ РЕСУРОВ И ДОСТУП К НИМ
Универсальный идентификатор ресурса (Uniform Resource Identifier) http://vivaldi.nlr.ru/bx000016847/cover
856 #2 - МЕСТОНАХОЖДЕНИЕ ЭЛЕКТРОННЫХ РЕСУРОВ И ДОСТУП К НИМ
Универсальный идентификатор ресурса (Uniform Resource Identifier) http://vivaldi.nlr.ru/bx000016847/text
899 ## - ДАННЫЕ О МЕСТОНАХОЖДЕНИИ (устаревшее)
Местонахождение РГБ
899 ## - ДАННЫЕ О МЕСТОНАХОЖДЕНИИ (устаревшее)
Местонахождение БАН
899 ## - ДАННЫЕ О МЕСТОНАХОЖДЕНИИ (устаревшее)
Местонахождение НБЛ КГУ
899 ## - ДАННЫЕ О МЕСТОНАХОЖДЕНИИ (устаревшее)
Местонахождение ДГНБ
942 ## - ДОПОЛНИТЕЛЬНЫЕ ЭЛЕМЕНТЫ ЗАПИСИ (АБИС)
Тип экземпляра АБИС Книга
980 3# - КОЛЛЕКЦИЯ
Название коллекции
980 3# - КОЛЛЕКЦИЯ
Название коллекции
980 ## - КОЛЛЕКЦИЯ
Название коллекции Национальная библиография
980 ## - КОЛЛЕКЦИЯ
Название коллекции Русская книга гражданской печати XVIII в. в библиотеках РФ
980 ## - КОЛЛЕКЦИЯ
Название коллекции Петровская книга
981 20 - КОЛЛЕКЦИЯ ЭЛЕКТРОННОЙ БИБЛИОТЕКИ
Название коллекции Книжные памятники РНБ
Название подколлекции Отдел редких книг

Нет доступных экземпляров.